Statistics for Irish directions

Click here to take the quiz!

General Stats

  • This quiz has been taken 3 times
  • The average score is 7 of 13

Answer Stats

HintAnswer% Correct
south (noun)deisceart
100%
east (adjective)thoir
100%
north (noun)tuaisceart
100%
leftclé
67%
earlygo luath
67%
east (noun)oirthear
67%
north(verb)thuaidh
67%
latedéanach
33%
righttaobh deas
33%
crosstras
33%
west (adjective)chiar
0%
west (noun)iarthur
0%
south (adjective)theas
0%

Score Distribution

Percentile by Number Answered

Percent of People with Each Score

Your Score History

You have not taken this quiz